Report on road freight transport industry /

Saved in:
Bibliographic Details
Corporate Authors: Victorian Transport Study, Victoria. Parliament. Legislative Assembly
Format: Book
Language:English
Published: Melbourne : Govt. Printer, 1980.
Series:[Parliamentary paper] ; no. 33/1980
Subjects:
LEADER 01228nam a2200313 c 4500
001 c000148208
003 CARM
005 00000000000000.0
008 810416s1980 at a s00010 eng d
019 1 |a 1973998  |5 LACONCORD2021 
020 |a 0724132457 :  |c $2.40 Aust. 
035 |a (OCoLC)27541310  |5 LACONCORD2021 
042 |a anuc 
043 |a u-at-vi 
110 2 0 |a Victorian Transport Study. 
245 1 0 |a Report on road freight transport industry /  |c Victorian Transport Study. 
260 |a Melbourne :  |b Govt. Printer,  |c 1980. 
300 |a 105 p. :  |b ill. ;  |c 26 cm. 
490 0 |a [Parliamentary paper] ;  |v no. 33/1980 
500 |a Road freight transport services. Victoria. Inquiry reports (ANB/PRECIS SIN 0482242) 
500 |a Printed for the Legislative Assembly of Victoria. 
500 |a Cover title. 
650 0 |a Trucking  |z Victoria. 
650 0 |a Freight and freightage  |z Victoria. 
710 1 0 |a Victoria.  |b Parliament.  |b Legislative Assembly. 
852 8 |b CARM  |h A2:AB20E0  |i C01898  |p 0087304  |f BK 
082 0 4 |a 388.3/24/09945 
999 f f |i ca8b1df5-c980-5156-932e-e4f23e53660c  |s 1fc1875f-1c80-53a2-b8f1-ab28af0d5d33 
952 f f |p Can circulate  |a CAVAL  |b CAVAL  |c CAVAL  |d CARM 1 Store  |e C01898  |f A2:AB20E0  |h Other scheme  |i book  |m 0087304